Score 0/30 Timer 05:00
9 Plays Today
Question Answer % Correct
What is the surname of celebrity sisters Kim, Kourtney and Khloé?Kardashian
97.3%
What does the 'K' stand for in the fast-food chain K.F.C.?Kentucky
95%
What term for a school comes from the German for 'children's garden'?Kindergarten
94.2%
Which camera company was founded by George Eastman in 1888?Kodak
88.6%
Which animal feeds predominantly on eucalyptus leaves?Koala
87.5%
What palindromic canoe was originally used by the Inuit?Kayak
87.4%
What term is used for food that conforms to the requirements of Jewish law?Kosher
86.3%
Which New York band is fronted by Gene Simmons?KISS
84.4%
What surname is shared by film stars Buster, Diane and Michael?Keaton
81.8%
What traditional Japanese garment is secured by a sash called an obi?Kimono
80.7%
Which major conflict was fought between 1950 and 1953?Korean War
80.3%
What nickname is internationally given to residents of New Zealand?Kiwi
80.3%
In what animated film does Jack Black voice a character called Po?Kung Fu Panda
78.8%
Uma Thurman plays 'The Bride' in which film series?Kill Bill
72.7%
David Hasselhoff drove a car called KITT in which 1980s TV show?Knight Rider
69.1%
Question Answer % Correct
What name is given to the fortified citadel in the center of Moscow?Kremlin
65.3%
What country is named after Africa's second highest mountain?Kenya
65%
John Paul II was archbishop of which Polish city before becoming Pope?Krakow
59.3%
What is the capital city of Malaysia?Kuala Lumpur
53.4%
Theo is the first name of which television detective, portrayed by Telly Savalas?Kojak
53.3%
'Sex on Fire' and 'Use Somebody' were 2008 hits for what band?Kings of Leon
52.2%
Which actress provides the voice of Meg Griffin in 'Family Guy'?Kunis (Mila)
49.1%
What is the name of the snake in 'The Jungle Book'?Kaa
48.2%
What is the currency of Sweden?Krona
47.1%
'The Metamorphosis', 'The Castle' and 'The Trial' are books by which German-language author?Kafka (Franz)
43.5%
What is the national airline of the Netherlands?KLM
42.5%
Who plays Don Lockwood in the 1952 film musical 'Singin' in the Rain'?Kelly (Gene)
42.1%
Who won the 2002 Grammy award for Best Song for 'Fallin''?Keys (Alicia)
35.6%
Which electronic music band has a name that means 'power station' in German?Kraftwerk
26.6%
Who wrote the poem that starts 'If you can keep your head when all about you Are losing theirs and blaming it on you'?Kipling (Rudyard)
24.9%
Remove Ads.
Support Sporcle.
Get the best of Sporcle when you Go Orange. This ad-free experience offers more features, more stats, and more fun while also helping to support Sporcle. Thank you for becoming a member.

You're not logged in!

Compare scores with friends on all Sporcle quizzes.
OR
Log In

Sporcle TV

Today on Sporcle TV


Watch our educational content, quiz creation guides, and fun videos on Sporcle TV.

Show Comments

Extras

Top Quizzes Today


Score Distribution

Paid Content

Your Account Isn't Verified!

In order to create a playlist on Sporcle, you need to verify the email address you used during registration. Go to your Sporcle Settings to finish the process.

Report this User

Report this user for behavior that violates our Community Guidelines.

Details: